ACM Computing Reviews

Saved in:
Bibliographic Details
Format: Serial
Published: 1977
Tags: Add Tag
No Tags, Be the first to tag this record!

MARC

LEADER 00000nas a22000003a 4500
001 stu63972
005 20141121200634.2
008 011106s1977----------------------------d
040 |a STU  |b slo 
041 0
245 |a ACM Computing Reviews 
260 |c 1977 
500 |a 1-12 
500 |a 12 
773 0 |t ACM Computing Reviews :  |w stu_us_cat*stu59590  |x 0010-4884  |7 nnas 
996 |d Vol. 18, 1977  |v Vol. 18  |y 1977  |l II680  |s A  |a 24  |w stu63972_0001